Trenerzy na Euro 2020 - Statystyki

Ogólne statystyki
  • Ten quiz został rozwiązany 78 razy
  • Średni wynik to 10 z 24
Statystyki odpowiedzi
Reprezentacja Trener % Poprawnych
Polska Paulo Sousa
93%
Niemcy Joachim Löw
86%
Francja Didier Deschamps
78%
Anglia Gareth Southgate
75%
Belgia Roberto Martínez
74%
Hiszpania Luis Enrique
70%
Włochy Roberto Mancini
70%
Portugalia Fernando Santos
67%
Ukraina Andrij Szewczenko
62%
Rosja Stanisław Czerczesow
59%
Chorwacja Zlatko Dalić
48%
Holandia Frank de Boer
42%
Szwajcaria Vladimir Petković
37%
Węgry Marco Rossi
27%
Szwecja Janne Andersson
22%
Dania Kasper Hjulmand
19%
Czechy Jaroslav Šilhavý
18%
Walia Robert Page
18%
Austria Franco Foda
16%
Szkocja Steve Clarke
10%
Finlandia Markku Kanerva
8%
Turcja Şenol Güneş
8%
Macedonia Północna Igor Angełowski
4%
Słowacja Štefan Tarkovič
4%
Nie znaleziono quizów pasujących do podanych kryteriów
Rozkład punktacji
Procent ludzi z każdym wynikiem
Percentyl według liczby udzielonych odpowiedzi
Twoja historia wyników
Nie rozwiązałeś tego quizu